000 00433nam a22001817a 4500
003 CEME
005 20210628204151.0
008 210105b xxu||||| |||| 00| 0 eng d
020 _a068485841X
040 _cceme
082 _a658.4 COV
100 _aCovey, Stephen.R
_9346
245 _aPrinciple centred leadership
260 _aGREAT BRATIN
_bSIMON
_c1991
300 _a332P
650 _aLEADERSHIP.
_9300
942 _cBK
_2ddc
999 _c576479
_d576479